000 00664nam a2200217 4500
003 OSt
005 20240720030633.0
006 a
008 240720b |||||||| |||| 00| 0 eng d
020 _a9780123741547
040 _aDWCL-Main lib.
_cOC
082 _2Second edition
_aCirc. 579.28 H913c 2009
100 _aHull, Roger
245 _aComparative plant virology /
250 _aSecond edition
260 _aAmsterdam:
_bElsevier Academic Press,
_cc2009.
300 _axvi,
_b376 p. : ill. (some col.) ;
_c24 cm.
504 _aIncludes bibliographical references & index.
650 _a1. Plant viruses.
942 _2ddc
_n0
_cBK-CIRC
_eSecond edition
_kCirc.
999 _c2477
_d2477